Hacia el parlamento del MERCOSUR: una recopilación de documentos
Zapisane w:
| Korporacja: | |
|---|---|
| Format: | Książka |
| Język: | hiszpański |
| Wydane: |
Montevideo
Konrad Adenauer Stiftung
2006
|
| Wydanie: | 2a. ed |
| Hasła przedmiotowe: | |
| Etykiety: |
Dodaj etykietę
Nie ma etykietki, Dołącz pierwszą etykiete!
|
MARC
| LEADER | 00000nam a2200000 a 4500 | ||
|---|---|---|---|
| 001 | UCJ9446 | ||
| 003 | CL-VaPUC | ||
| 008 | 070316e20060000UY |||||||||||||||||spa|d | ||
| 020 | |a 9974794250 | ||
| 082 | 0 | 4 | |a 382.1042 |b FUN |2 21 |
| 110 | 2 | |a Fundación Konrad Adenauer |e author |9 519478 | |
| 245 | 1 | 0 | |a Hacia el parlamento del MERCOSUR: una recopilación de documentos |
| 250 | |a 2a. ed | ||
| 300 | |a 354 p | ||
| 942 | |c BK | ||
| 945 | |d 20070316 00:00:00 |a lvergara | ||
| 260 | |a Montevideo |b Konrad Adenauer Stiftung |c 2006 | ||
| 500 | |a Comisión Parlamentaria conjunta del MERCOSUR | ||
| 650 | 7 | |a MERCOSUR |2 CL-VaPUC |9 334167 | |
| 650 | 0 | |a Acuerdos internacionales |9 337381 | |
| 650 | 7 | |a DESARROLLO COMERCIAL |2 CL-VaPUC |9 359254 | |
| 650 | 7 | |a COMERCIO INTERNACIONAL |2 CL-VaPUC |9 519479 | |
| 651 | 0 | |a América Latina |9 255027 | |
| 583 | |a last modification |c 20070316 00:00:00 |k Rodrigo Vera | ||
| 999 | |c 324970 |d 324968 | ||
| 952 | |0 0 |1 0 |4 0 |6 382_104200000000000_FUN_2006 |7 0 |8 A |9 405392 |a BIBDER |b BIBDER |d 2019-11-22 |i 4322487 |o 382.1042 FUN 2006 |p 4322487 |r 2023-01-25 |w 2019-11-22 |y BK |k DER | ||